000
00291nam a22001337a 4500
008
181008b xxu||||| |||| 00| 0 eng d
020
_a
9780814251799
041
_a
eng
080
_2
11 ED
_a
370
100
_a
47
101
_a
EDU
245
_a
Language Files
_c
Vedrana.M
942
_2
udc
_c
BK
999
_c
49013
_d
49013